Guess the Celebrity by Picture - Letter S - Statistics

General Stats
  • This quiz has been taken 320 times
  • The average score is 11 of 16
Answer Stats
Picture Answer % Correct
Snoop Dogg
93%
Selena Gomez
91%
Sia
87%
Serena Williams
83%
Scarlett Johansson
82%
Steve Jobs
82%
Shakira
80%
Simon Cowell
75%
Sabrina Carpenter
73%
Sylvester Stallone
70%
Shawn Mendes
68%
Stevie Wonder
57%
Sofia Vergara
54%
Steven Spielberg
42%
Slash
38%
Sean Paul
21%
No matching quizzes found
Score Distribution
Percent of People with Each Score
Percentile by Number Answered
Your Score History
You have not taken this quiz